| 000 | 00630 a2200205 4500 | ||
|---|---|---|---|
| 001 | 62480 | ||
| 005 | 20260407155918.0 | ||
| 008 | 260407a1985 arg spa d | ||
| 003 | AR-UNSa-BCEJYS | ||
| 040 |
_aAR-UNSa-BCEJYS _bspa _cAR-UNSa-BCEJYS |
||
| 080 |
_a334.723 _xEmpresas con participación pública. Empresas de economía mixta |
||
| 245 | 1 | 0 | _aLa intervención del estado en empresas privadas |
| 020 | _a978-950-14-0275-9 | ||
| 264 | 1 |
_aBuenos Aires : _bEdiciones Depalma _c1985 |
|
| 300 |
_a69 p. _c20 cm. |
||
| 041 | _aspa | ||
| 942 | _cBK | ||
| 590 | _aniveau_biblio:m niveau_hierar:0 | ||
| 100 | 1 | _aPose, Guillermo A. | |
| 999 |
_c7674 _d7674 |
||